Les deux seuls pays du monde - Statistiques

Statistiques générales
  • Ce quiz a été pris 207 fois
  • Le résultat moyen est 18 sur 28
Statistiques - réponses
Hint Réponse % Correct
Avoir une population de plus d'un milliard Chine
99%
Avoir une population de plus d'un milliard Inde
99%
Avoir au moins 100 millions d'anglophones Inde
99%
Commencez par 'Z' Zimbabwe
99%
Frontière des États-Unis d'Amérique Canada
97%
Frontière des États-Unis d'Amérique Mexique
97%
Fin à 'guay' Paraguay
97%
Fin à 'guay' Uruguay
97%
Commencez par 'Z' Zambie
93%
Sont en Amérique du Sud mais ne limitent pas le Brésil (à l'exception du Brésil) Chili
86%
Sont entièrement pris en sandwich entre la Chine et l'Inde Népal
85%
Contenir le mot "Nouveau" Nouvelle-Zélande
78%
Sont en Amérique du Sud mais ne limitent pas le Brésil (à l'exception du Brésil) Équateur
77%
Avoir au moins 100 millions d'anglophones Etats-Unis
76%
Sont entièrement pris en sandwich entre la Chine et l'Inde Bhoutan
73%
Contenir le mot "Nouveau" Papouasie-Nouvelle- Guinée
72%
Avoir des drapeaux carrés Suisse
65%
Avoir la combinaison de lettres 'olo' dans leurs noms Colombie
49%
Avoir des drapeaux carrés Vatican
45%
Avoir une carte du plan de leur pays sur leur drapeau Chypre
41%
Sont doublement enclavés (entourés entièrement de pays enclavés) Liechtenstein
37%
Commencez par 'A' mais ne terminez pas par 'A' Afghanistan
32%
Avoir une carte du plan de leur pays sur leur drapeau Kosovo
32%
Commencez par 'A' mais ne terminez pas par 'A' Azerbaïdjan
31%
Avoir le mot anglais «Saint» dans le nom de leur capitale Antigua-et-Barbuda
25%
Sont doublement enclavés (entourés entièrement de pays enclavés) Ouzbékistan
23%
Avoir le mot anglais «Saint» dans le nom de leur capitale Grenade
17%
Avoir la combinaison de lettres 'olo' dans leurs noms Salomon
13%
Aucun quiz correspondant
Distribution des résultats
% des personnes avec chaque résultat
Percentile par nombre de réponses
Votre historique - résultats
Vous n’avez pas pris ce quiz